Prayer Fractory Lyrics (Florence + the Machine) - Statistics

General Stats
  • This quiz has been taken 21 times
  • The average score is 51 of 63
Answer Stats
Answer % Correct
I
100%
I
100%
I
100%
it
100%
My
100%
my
100%
my
100%
a
91%
can
91%
I'll
91%
of
91%
of
91%
that
91%
the
91%
the
91%
then
91%
this
91%
to
91%
to
91%
you
91%
You
91%
you
91%
All
82%
all
82%
as
82%
as
82%
don't
82%
give
82%
lost
82%
me
82%
me
82%
me
82%
now
82%
things
82%
things,
82%
Why
82%
And
73%
call?
73%
climb,
73%
close
73%
from
73%
gate
73%
hotel
73%
montage
73%
mouth,
73%
Open
73%
ran
73%
sheets
73%
shut
73%
take
73%
teeth
73%
trinkets
73%
with
73%
yes,
73%
bring
64%
gone
64%
gritted
64%
make
64%
Shining
64%
waste
64%
work
64%
grief
55%
Ripping
45%
No matching quizzes found
Score Distribution
Percent of People with Each Score
Percentile by Number Answered
Your Score History
You have not taken this quiz